000 00285nam a22001217a 4500
008 170925b xxu||||| |||| 00| 0 eng d
041 _aeng
080 _a37
100 _a46
101 _aEDU
245 _aETHICS IN THE EDUCATION FOR BUSINESS MANAGERS
_cPOWERS,CH.W
942 _2udc
_cBK
999 _c29531
_d29531